| 000 | 00448nam a2200157Ia 4500 | ||
|---|---|---|---|
| 008 | 230917s9999||||xx |||||||||||||| ||und|| | ||
| 020 | _cRS55 | ||
| 040 |
_e48929 _aMAIN |
||
| 041 | _aEnglish | ||
| 082 | _a954.01 C392S | ||
| 100 | _aChatterjee, Heramba | ||
| 245 | 0 | _aStudies in the social background of the forms of marriage in ancient India. vol 2 | |
| 260 |
_aCalcutta _bSanskrit Pustak Bhandar _c1974 |
||
| 300 | _a370-623 p. | ||
| 942 | _cBK | ||
| 999 |
_c212975 _d212975 |
||